• 首页
  • 本馆介绍
  • 公告通知
  • 最新文献
  • 馆藏检索
  • 电子资源
  • 读者荐购
  • 参考咨询
  • CALIS
  • 我的图书馆
  • 登录
  • 详细信息显示
  • 放入我的书架
  • 预约/预借图书
  • 作者相关作品
  • 分类相关作品
  • 丛书相关作品
  • 出版社相关作品

书目信息

  • 表格格式
  • 工作单格式
  • 卡片格式
题名:
魏斐德
    
 
作者: 梁禾 编
分册:  
出版信息: 长沙   岳麓书社  2025.03
页数: 257页
开本: 21cm
丛书名:
单 册:
中图分类: K837.125.81=6
科图分类:
主题词: 史学家--传记--美国--现代
电子资源:
ISBN: 978-7-5538-2141-2
 
 
 
 
 
000 01149nam0 2200253 450
001 013614058
005 20251022203845.44
010    @a978-7-5538-2141-2@b精装@dCNY78.00
100    @a20250519d2025 em y0chiy0120 ea
101 0  @achi
102    @aCN@b430000
105    @aa z 000yb
106    @ar
200 1  @a魏斐德@9wei fei de@e壮阔人生远航者@dEpic Voyage@ea life journey of Frederic E. Wakeman Jr.@f梁禾编@zeng
210    @a长沙@c岳麓书社@d2025.03
215    @a257页@c照片,图@d21cm
330    @a本书分为上下两编。在上编“我与斐德”中,梁禾以饱蘸深情的文字回忆了与魏斐德相识相爱相伴的人生故事,为读者讲述了学术院墙之外的他,其悲欢离合及坚守。下编“怀念斐德”,收录了魏斐德生前好友、学界同仁及弟子的追忆文章,如马内阿、杜维明、周锡瑞、熊月之、欧立德、刘东等,在平实而生动的文字背后,一个声情并茂、栩栩如生的魏斐德跃然纸上。
510 1  @aEpic Voyage@ea life journey of Frederic E. Wakeman Jr.@zeng
606 0  @a史学家@x传记@y美国@z现代
610 0  @a魏斐德(Wakeman, Frederic Evans 1937-2006)
690    @aK837.125.81=6@v5
701  0 @a梁禾@9liang he@4编
801  0 @aCN@c20250909
905    @a河南城建学院图书馆@dK837.125@eL400@ZL400@f1
    
    魏斐德:壮阔人生远航者=Epic Voyage:a life journey of Frederic E. Wakeman Jr./梁禾编.-长沙:岳麓书社,2025.03
    257页:照片,图;21cm
    
    
    ISBN 978-7-5538-2141-2(精装):CNY78.00
    本书分为上下两编。在上编“我与斐德”中,梁禾以饱蘸深情的文字回忆了与魏斐德相识相爱相伴的人生故事,为读者讲述了学术院墙之外的他,其悲欢离合及坚守。下编“怀念斐德”,收录了魏斐德生前好友、学界同仁及弟子的追忆文章,如马内阿、杜维明、周锡瑞、熊月之、欧立德、刘东等,在平实而生动的文字背后,一个声情并茂、栩栩如生的魏斐德跃然纸上。
●
相关链接 在E读中查询图书 在当当中查询图书 在豆瓣中查询图书


正题名:魏斐德     索取号:K837.125/L400         预约/预借

序号 登录号 条形码 馆藏地/架位号 状态 备注
1 1632339   216323397   社科库309/309社科库 3排3列2层/ [索取号:K837.125/L400] 在馆    
河南城建学院图书馆 欢迎您!
大连网信软件有限公司© 版权所有